000 00551nam a22001577a 4500
999 _c534083
_d534083
020 _qHard Cover.
082 _a660
100 _aAnwar, Rabia
245 _aPrevalence of Beta Lactamase Antibiotic Resistance Genes in Bacterial Isolates from Different Soils of Pakistan /
_cRabia Anwar.
260 _aIslamabad:
_bASAB - NUST,
_c2014.
300 _a63 p. :
_bill. ;
_c30cm.
942 _2ddc
_cTHE
650 _aIndustrial Biotechnology MS-Thesis.
_927780
700 _aDr. Saadia Andleeb
_919340